Sparse and Redundant Representations: From Theory to Applications in Signal and Image Processing /

Salvato in:
Dettagli Bibliografici
Autore principale: Elad, Michael (Autore)
Natura: Libro
Lingua:inglese
Pubblicazione: New York: Springer, 2010
Serie:Mathematics
Soggetti:
Tags: Aggiungi Tag
Nessun Tag, puoi essere il primo ad aggiungerne!!

MARC

LEADER 00000nam a22000003a 4500
001 0067500
003 SK-STU
005 20181003114803.3
007 ta
008 181003s ----xo-----e------000-0-----d
020 |a 978-1-4419-7010-7 
040 |a STU  |b slo 
041 0 |a eng  |h eng 
044 |a xxu 
100 1 |a Elad, Michael  |4 aut  |r Z6 
245 1 0 |a Sparse and Redundant Representations:  |b From Theory to Applications in Signal and Image Processing /  |c aut. Michael Elad 
260 |a New York:  |b Springer,  |c 2010 
300 |a 376 s. 
490 0 |a Mathematics 
650 0 7 |a numerical functions 
650 0 7 |a numerical algorithms 
650 0 7 |a image comparison algorithm 
996 |c V* 52815/O-23972  |l VV11  |s P  |a 0  |w 0067500_0001